my ex's best friend (All Lyrics) - mgk & blackbear - Statistics

General Stats
  • This quiz has been taken 38 times
  • The average score is 302 of 373
Answer Stats
Answer % Correct
a
100%
I
100%
it
100%
(It
100%
it)
100%
me
100%
my
100%
the
100%
You
100%
you
100%
you?"
100%
do
95%
don't
95%
in
95%
know
95%
so
95%
your
95%
Your
95%
and
91%
but
91%
But
91%
never
91%
new
91%
New
91%
of
91%
see
91%
to
91%
We
91%
we're
91%
We're
91%
when
91%
Act
86%
act
86%
back
86%
ex
86%
first
86%
First
86%
is
86%
"Is
86%
like
86%
makes
86%
Now
86%
now
86%
that
86%
yeah
86%
all
82%
at
82%
complicated
82%
complicated)
82%
girl
82%
Go
82%
seat
82%
text
82%
up
82%
2
77%
best
77%
black
77%
boy's
77%
car
77%
enough
77%
eyes
77%
fall
77%
for
77%
friend
77%
get
77%
god
77%
life
77%
love
77%
on
77%
play
77%
say
77%
swear
77%
Then
77%
walked
77%
AM
73%
can't
73%
elevator
73%
if
73%
I'm
73%
pretend
73%
read
73%
seems
73%
show
73%
wrong
73%
already
68%
both
68%
City
68%
drunk
68%
kissed
68%
said
68%
sent
68%
sorry
68%
texts
68%
those
68%
time
68%
with
68%
asked
64%
'Cause
64%
come
64%
feel
64%
I'll
64%
(I'll
64%
invisible
64%
not
64%
she
64%
told
64%
we'll
64%
what
64%
apologize
59%
nobody
59%
saw
59%
showed
59%
was
59%
won't
59%
York
59%
ain't
55%
yours
55%
Last
50%
off
50%
still
50%
look
45%
this
45%
damage
41%
did
41%
mess
41%
past
41%
year
41%
acted
36%
beyond
36%
how
36%
nothing
36%
responding
36%
revolves
36%
want
36%
have
27%
our
27%
ways
27%
changed
23%
hey
23%
shit's
23%
between
18%
done
18%
separate
18%
sounds
14%
true
14%
Please
9%
No matching quizzes found
Score Distribution
Percent of People with Each Score
Percentile by Number Answered
Your Score History
You have not taken this quiz